Quick Pick: Britney Spears One-Word Quiz Stats

 Plays Quiz Updated Mar 13, 2018

Challenge
Share
Tweet
Embed
Score 0/12 Timer 01:00
3 Plays Today
% Correct
Toxic
95.9%
Womanizer
86.3%
Lucky
85.6%
Stronger
83%
Circus
79.4%
Sometimes
78.4%
Everytime
75.3%
Outrageous
67%
Criminal
65.8%
Perfume
55.1%
Radar
49%
Anticipating
44.1%

Today's Daily Dose

You're not logged in!

Compare scores with friends on all Sporcle quizzes.
OR
Log In

You Might Also Like...

Show Comments

Extras

Top Quizzes Today


Score Distribution

Your Account Isn't Verified!

In order to create a playlist on Sporcle, you need to verify the email address you used during registration. Go to your Sporcle Settings to finish the process.

Report this User

Report this user for behavior that violates our Community Guidelines.

Details: